000 004480000a22001690004500
003 MACL
005 20160106172152.0
008 160106b xxu||||| |||| 00| 0 eng d
040 _aMACL
_cMACL
041 _aEnglish
082 _a821/ROS
100 _aRose, William Stewart
_929041
245 _aThe Orlando Furioso of Ludovico Ariosto
_bvol 2
260 _bG Bell & Sons Ltd
_c1913
_aLondon
650 _aPoetry
_929042
942 _cBK
_k821/ROS
_2ddc
999 _c37607
_d37607